| 000 | 00508nam a2200229Ia 4500 | ||
|---|---|---|---|
| 003 | IT-RoPAU | ||
| 005 | 20220918175247.0 | ||
| 008 | 120407s9999 xx 000 0 und d | ||
| 040 | _aIT-RoPAU | ||
| 040 | _cIT-RoPAU | ||
| 041 | _aita | ||
| 100 |
_aPierre Dufoyer _934139 |
||
| 245 | _aIl matrimonio, il libro della giovane. 3a ed. | ||
| 250 | _aMilano | ||
| 260 | _aEdizioni Paoline | ||
| 260 | _c1959 | ||
| 300 | _c cm | ||
| 490 | _aFamiglia | ||
| 490 | _v1 | ||
| 942 |
_cBK _2ddc |
||
| 999 |
_c189 _d189 |
||